[Event "Tournoi Skype 023B"]
[Site "Skype"]
[Date "????.??.??"]
[Round "1.1"]
[White "Guillen Andrinal, Pablo"]
[Black "Legueltel, Daniel"]
[Result "0-1"]
[WhiteElo "1271"]
[BlackElo "1597"]
[PlyCount "66"]

1. e4 e5 2. Nf3 Nc6 3. d4 exd4 4. Nxd4 Bc5 5. Be3 Qf6 6. c3 Nge7 7. Nxc6 Qxc6
8. Qf3 O-O 9. Bxc5 Qxc5 10. Be2 Ng6 11. O-O d6 12. Nd2 Ne5 13. Qe3 Qxe3 14.
fxe3 Bd7 15. Nc4 Rae8 16. Nxe5 Rxe5 17. Bf3 Bc6 18. Rad1 Bxe4 19. Bxe4 Rxe4 20.
Rd3 f6 21. Rf4 Rfe8 22. Kf2 Rxf4+ 23. exf4 Kf7 24. Re3 Rxe3 25. Kxe3 Ke6 26.
Ke4 f5+ 27. Kd4 c6 28. c4 c5+ 29. Kc3 d5 30. cxd5+ Kxd5 31. Kd3 b5 32. b3 a5
33. a3 h5 0-1

[Event "Tournoi Skype 023B"]
[Site "Skype"]
[Date "????.??.??"]
[Round "1.2"]
[White "Leyton Calderon, Jairo Oswaldo"]
[Black "K, Ashoka"]
[Result "1-0"]
[WhiteElo "1572"]
[BlackElo "1268"]
[PlyCount "47"]

1. Nf3 d5 2. b3 Nc6 3. Bb2 e6 4. e3 Nf6 5. Be2 Bd6 6. O-O e5 7. d3 Be6 8. Nbd2
Qd7 9. c4 e4 10. dxe4 dxe4 11. Nd4 Nxd4 12. Bxd4 a6 13. Bxf6 gxf6 14. Nxe4 Qe7
15. Qc2 Bf5 16. Nxd6+ Qxd6 17. Qxf5 Rg8 18. Rfd1 Qe7 19. Qxh7 Kf8 20. Bf3 Rd8
21. Rxd8+ Qxd8 22. Rd1 Qe7 23. Bxb7 a5 24. Qe4 1-0

[Event "Tournoi Skype 023B"]
[Site "Skype"]
[Date "????.??.??"]
[Round "1.3"]
[White "Torres, Vicky"]
[Black "Teles, Jeferson Lisboa"]
[Result "0-1"]
[WhiteElo "1265"]
[BlackElo "1571"]
[PlyCount "82"]

1. e4 c6 2. Bc4 e6 3. Nc3 Nf6 4. d3 Bb4 5. e5 Bxc3+ 6. bxc3 Nd5 7. Bxd5 cxd5 8.
Nf3 O-O 9. O-O d6 10. Bg5 Qc7 11. Qd2 Nd7 12. d4 dxe5 13. dxe5 Nxe5 14. Bf4
Nxf3+ 15. gxf3 e5 16. Bg3 Bh3 17. Rfe1 f6 18. f4 exf4 19. Bxf4 Qc4 20. Qd3 Qxf4
21. Qxh3 Rac8 22. Qe6+ Kh8 23. Re3 d4 24. Re4 Qg5+ 25. Rg4 Qe5 26. Re1 Qxe6 27.
Rxe6 dxc3 28. Re7 g5 29. Rxb7 a5 30. Re4 Rfe8 31. Ra4 Re1+ 32. Kg2 Re5 33. Rd4
h5 34. Rdd7 h4 35. Rh7+ Kg8 36. h3 Re2 37. Ra7 Re6 38. Rhg7+ Kf8 39. Rh7 Kg8
40. Rh6 Rec6 41. Rah7 Re6 0-1

[Event "Tournoi Skype 023B"]
[Site "Skype"]
[Date "????.??.??"]
[Round "1.4"]
[White "Lemoine, Gerard"]
[Black "Khatanhar, Mohit"]
[Result "1-0"]
[WhiteElo "1567"]
[BlackElo "1259"]
[PlyCount "51"]

1. d4 d5 2. c4 dxc4 3. e4 e6 4. Bxc4 h6 5. Nf3 Be7 6. Nc3 c6 7. d5 cxd5 8. exd5
exd5 9. Bxd5 Nd7 10. Qe2 Ngf6 11. Bb3 O-O 12. O-O Nc5 13. Bc2 Nh7 14. Rd1 Bd7
15. Nd5 Re8 16. Ne5 Bd6 17. Bf4 Bxe5 18. Bxe5 f6 19. Bxh7+ Kxh7 20. Qc2+ Kh8
21. Bc7 Qc8 22. Qxc5 Bc6 23. Bf4 Qe6 24. Nc7 Qe1+ 25. Rxe1 Rxe1+ 26. Rxe1 1-0

[Event "Tournoi Skype 023B"]
[Site "Skype"]
[Date "????.??.??"]
[Round "1.5"]
[White "Maccaferri, Massimo"]
[Black "Navghane, Rahul"]
[Result "0-1"]
[WhiteElo "1259"]
[BlackElo "1506"]
[PlyCount "54"]

1. Nf3 Nf6 2. g3 d5 3. Bg2 Nc6 4. e3 e5 5. Nc3 h6 6. d3 Be7 7. Bd2 Bf5 8. O-O
O-O 9. Qe2 Qd7 10. e4 dxe4 11. dxe4 Bh3 12. Nh4 Nd4 13. Qd3 a6 14. f3 Rad8 15.
Rad1 Qe6 16. a3 Nb5 17. Qe2 Bc5+ 18. Be3 Nxc3 19. bxc3 Rxd1 20. Rxd1 Bxe3+ 21.
Qxe3 Bxg2 22. Kxg2 Qa2 23. Qa7 Qxc2+ 24. Kh3 Qxd1 25. Qxb7 Qf1+ 26. Ng2 Qxf3
27. Qxc7 Qg4# 0-1

[Event "Tournoi Skype 023B"]
[Site "Skype"]
[Date "????.??.??"]
[Round "1.6"]
[White "Luna Perez Vico, Lorenzo"]
[Black "Erten, Ozlem"]
[Result "0-1"]
[WhiteElo "1488"]
[BlackElo "1256"]
[PlyCount "82"]

1. e4 e5 2. Nf3 Nc6 3. Bb5 a6 4. Ba4 b5 5. Bb3 d6 6. c3 Na5 7. Bc2 Nf6 8. d3 c5
9. a3 Nc6 10. b4 cxb4 11. cxb4 Bg4 12. Nbd2 Nd4 13. Bb1 Rc8 14. h3 Bxf3 15.
Nxf3 Nb3 16. Bb2 Nxa1 17. Bxa1 Be7 18. O-O O-O 19. Ba2 h6 20. Bb3 Rc6 21. Bb2
Qc8 22. Kh2 Bd8 23. Qe2 Bb6 24. Qd2 Qc7 25. Rd1 Rc8 26. Ne1 Bd4 27. Bxd4 exd4
28. g3 Rc1 29. Kg2 Rxd1 30. Bxd1 Qc1 31. Qe2 Qxa3 32. Nc2 Qb2 33. g4 Ra8 34. f4
a5 35. bxa5 Rxa5 36. Kf3 b4 37. Qe1 Qb1 38. Nxb4 Rc5 39. Qd2 Rc1 40. Be2 Qa1
41. Nc2 Qb2 0-1

[Event "Tournoi Skype 023B"]
[Site "Skype"]
[Date "????.??.??"]
[Round "1.7"]
[White "Hernandez Lopez, Joaquin"]
[Black "Couto, Januario"]
[Result "0-1"]
[WhiteElo "1251"]
[BlackElo "1482"]
[PlyCount "86"]

1. e4 d5 2. exd5 Qxd5 3. Nc3 Qd6 4. d4 Nf6 5. Bd2 Qxd4 6. Nf3 Qd8 7. Be2 Bg4 8.
h3 Bh5 9. O-O e6 10. Re1 c6 11. Ne5 Bxe2 12. Qxe2 Bd6 13. Bf4 Qc7 14. Rad1 O-O
15. Ne4 Nxe4 16. Qxe4 Na6 17. Nd3 Bxf4 18. Nxf4 Rad8 19. Qf3 Nb4 20. Nh5 Qe7
21. Re4 Rxd1+ 22. Qxd1 Nd5 23. Rg4 g6 24. Qd2 Nf6 25. Qh6 Nxh5 26. Qxh5 Qf6 27.
Qh6 Qxb2 28. Rh4 Qg7 29. Qd2 Qa1+ 30. Kh2 Qxa2 31. Qh6 Rd8 32. Qxh7+ Kf8 33.
Qh8+ Ke7 34. Qg7 Qd5 35. Rh7 Qd6+ 36. g3 Rf8 37. Qxg6 Qd2 38. Qh5 Qxf2+ 39. Kh1
Qxg3 40. Qc5+ Qd6 41. Qxa7 Qd1+ 42. Kg2 Rg8+ 43. Kf2 Qxc2+ 0-1

[Event "Tournoi Skype 023B"]
[Site "Skype"]
[Date "????.??.??"]
[Round "1.8"]
[White "Quillien, Pierre-Yves"]
[Black "Douichi, Mohammed"]
[Result "0-1"]
[WhiteElo "1466"]
[BlackElo "1245"]
[PlyCount "38"]

1. e4 e5 2. Nf3 d6 3. d4 exd4 4. Nxd4 Nf6 5. Bd3 a6 6. Nc3 c6 7. Bf4 Be7 8. Qd2
O-O 9. O-O-O Bg4 10. f3 Bh5 11. e5 dxe5 12. Bxe5 Nd5 13. g4 Bg6 14. h4 Bxd3 15.
Qxd3 Nd7 16. Nxd5 Nxe5 17. Qf5 Qxd5 18. f4 Qxa2 19. Qxe5 Bf6 0-1

[Event "Tournoi Skype 023B"]
[Site "Skype"]
[Date "????.??.??"]
[Round "1.9"]
[White "Bustos, Ricardo"]
[Black "Vilone, Rino"]
[Result "0-1"]
[WhiteElo "1241"]
[BlackElo "1466"]
[PlyCount "43"]

1. d4 Nf6 2. Nf3 d5 3. Bf4 Bf5 4. e3 e6 5. Bd3 Bg6 6. Ne5 Bd6 7. Nd2 Nbd7 8.
Ndf3 Bh5 9. h3 Bxe5 10. dxe5 Ng8 11. g4 Bg6 12. Bg5 Ne7 13. Qe2 c6 14. O-O-O
Bxd3 15. Qxd3 O-O 16. e4 h6 17. Bxe7 Qxe7 18. exd5 cxd5 19. Kb1 Qb4 20. g5 h5
21. Nd4 Nxe5 22. Qe4 0-1

[Event "Tournoi Skype 023B"]
[Site "Skype"]
[Date "????.??.??"]
[Round "1.10"]
[White "Aceituno, Stebe"]
[Black "Ruiz Gomez, Luz Alba"]
[Result "1-0"]
[WhiteElo "1458"]
[BlackElo "1235"]
[PlyCount "61"]

1. e4 e5 2. Nf3 d6 3. Bc4 Be7 4. h3 Nf6 5. Nc3 c6 6. Bb3 O-O 7. O-O Nbd7 8. d4
h6 9. dxe5 Nxe5 10. Nxe5 dxe5 11. Qf3 Be6 12. Bxe6 fxe6 13. Qg3 Kh7 14. Be3 Nh5
15. Qg4 Nf4 16. Bxf4 Rxf4 17. Qxe6 Bf6 18. Rad1 Qb6 19. g3 Rf3 20. Kg2 Rxc3 21.
bxc3 Qa5 22. Rd7 Qxc3 23. Qxf6 Rg8 24. Qf5+ Kh8 25. Rfd1 Qc5 26. Rd8 Qe7 27.
Rxg8+ Kxg8 28. Rd7 Qe8 29. Rc7 b5 30. Rc8 Qxc8 31. Qxc8+ 1-0

[Event "Tournoi Skype 023B"]
[Site "Skype"]
[Date "????.??.??"]
[Round "1.12"]
[White "Kruzeniski, Randy"]
[Black "Cengiz, Ali Ekber"]
[Result "1-0"]
[WhiteElo "1427"]
[BlackElo "1227"]
[PlyCount "85"]

1. Nf3 e6 2. d4 d5 3. e3 Nf6 4. Bd3 Bd6 5. O-O Nc6 6. a3 Ng4 7. h3 Nf6 8. c4 a6
9. Nbd2 b6 10. Qc2 Bd7 11. e4 dxe4 12. Nxe4 h6 13. Nxd6+ cxd6 14. Bf4 Bc8 15.
Rfe1 O-O 16. b4 Ra7 17. Rad1 b5 18. cxb5 axb5 19. Qxc6 Bb7 20. Qxd6 Qxd6 21.
Bxd6 Rd8 22. Bc5 Rxa3 23. Bb6 Rd6 24. Bc5 Rd5 25. Ne5 Nh5 26. Bxb5 f6 27. Nc6
Bxc6 28. Bxc6 Rg5 29. Re3 Ra2 30. Rxe6 Nf4 31. Re8+ Kh7 32. Be4+ f5 33. Bf3
Nxh3+ 34. Kh2 Nxf2 35. Re2 Nxd1 36. Rxa2 Ne3 37. d5 Ng4+ 38. Bxg4 fxg4 39. Rd2
h5 40. d6 g3+ 41. Kg1 h4 42. d7 h3 43. gxh3 1-0

[Event "Tournoi Skype 023B"]
[Site "Skype"]
[Date "????.??.??"]
[Round "1.13"]
[White "Bankhede, Shivkumar"]
[Black "Duthoit, Bernard"]
[Result "1-0"]
[WhiteElo "1226"]
[BlackElo "1421"]
[PlyCount "93"]

1. d4 e5 2. e4 Nc6 3. Nf3 exd4 4. Nxd4 Nxd4 5. Qxd4 d6 6. Bc4 Qe7 7. O-O Qe5 8.
Qxe5+ dxe5 9. Nc3 Nf6 10. Bg5 Be7 11. Rad1 O-O 12. Rfe1 c6 13. Rd3 b5 14. Bb3
a5 15. a3 b4 16. axb4 axb4 17. Ne2 h6 18. Bh4 Rd8 19. h3 Rxd3 20. cxd3 Ba6 21.
Ra1 Bb7 22. Rxa8+ Bxa8 23. Ng3 g5 24. Nf5 Bf8 25. Nxh6+ Bxh6 26. Bg3 g4 27.
Bxe5 Nd7 28. Bd6 c5 29. hxg4 Bc1 30. e5 Bxb2 31. e6 fxe6 32. Bxe6+ Kg7 33. Bxd7
Bd4 34. Be6 Kf6 35. Bg8 Kg5 36. Kf1 Kxg4 37. Be6+ Kg5 38. f4+ Kf6 39. Bg8 Kf5
40. g3 Kg4 41. Ke2 Kxg3 42. f5+ Kg4 43. f6 Bxf6 44. Bxc5 Bc3 45. d4 Kf5 46. Ke3
Be4 47. Bh7+ 1-0

[Event "Tournoi Skype 023B"]
[Site "Skype"]
[Date "????.??.??"]
[Round "1.14"]
[White "Malbec, Robert"]
[Black "Lecluyse, Koenraad"]
[Result "1-0"]
[WhiteElo "1401"]
[BlackElo "1224"]
[PlyCount "31"]

1. e4 e6 2. d4 d5 3. Nc3 Bb4 4. Qd3 Bxc3+ 5. bxc3 Nf6 6. Bg5 O-O 7. e5 Nbd7 8.
exf6 g6 9. Nf3 c5 10. Be2 Qb6 11. O-O c4 12. Qe3 Qb2 13. Qd2 Nb6 14. Bh4 Na4
15. Qh6 Rd8 16. Qg7# 1-0

[Event "Tournoi Skype 023B"]
[Site "Skype"]
[Date "????.??.??"]
[Round "1.16"]
[White "Morelli, Daniel"]
[Black "Alverson, Ginny"]
[Result "1-0"]
[WhiteElo "1394"]
[BlackElo "1190"]
[PlyCount "89"]

1. f4 Nf6 2. b3 d5 3. e3 c6 4. Bb2 Nbd7 5. Nf3 e6 6. Be2 Bd6 7. d3 O-O 8. Nbd2
Bc5 9. Nf1 Re8 10. Qd2 a5 11. Ng3 Bb4 12. c3 Bd6 13. a4 Ng4 14. d4 c5 15. Ba3
b6 16. Bb5 Rf8 17. Ne5 Ngxe5 18. fxe5 Nxe5 19. dxe5 Bxe5 20. Bb2 Qh4 21. Qf2
Bxg3 22. Qxg3 Qe4 23. c4 d4 24. O-O Qxe3+ 25. Qxe3 dxe3 26. Rae1 Bb7 27. Rxe3
Rad8 28. Rg3 g6 29. Bc1 Be4 30. Bh6 Rd3 31. Bxf8 Kxf8 32. Rxd3 Bxd3 33. Rf3 Be4
34. Re3 Bc2 35. Bc6 Bf5 36. Re1 h5 37. Rd1 Bc2 38. Rd2 Bxb3 39. Rd8+ Ke7 40.
Rd7+ Kf6 41. Bb5 Kg7 42. h4 Bc2 43. Rb7 Be4 44. Rxb6 Kf6 45. Ra6 1-0

[Event "Tournoi Skype 023B"]
[Site "Skype"]
[Date "????.??.??"]
[Round "1.17"]
[White "Porcabeuf, Jean-Marc"]
[Black "Munoz Gonzalez, Martin"]
[Result "0-1"]
[WhiteElo "1177"]
[BlackElo "1394"]
[PlyCount "78"]

1. d4 Nf6 2. c4 g6 3. Nc3 Bg7 4. Nf3 O-O 5. e4 d6 6. Bf4 e6 7. Bd3 Nc6 8. O-O
Nd7 9. Bc2 e5 10. Bg3 f6 11. Bh4 exd4 12. Nxd4 Nxd4 13. Qxd4 c6 14. Rfe1 Nb6
15. Bb3 c5 16. Qd3 Be6 17. Qf3 Bxc4 18. Bc2 Nd7 19. Rad1 Ne5 20. Qe3 Qc7 21. b3
Ng4 22. Qg3 Be6 23. Rxd6 Bd7 24. h3 Ne5 25. Red1 Rad8 26. Nb5 Bxb5 27. Rxd8
Rxd8 28. Re1 Bd3 29. Bxd3 Rxd3 30. f3 g5 31. Bxg5 fxg5 32. Qxg5 Qd8 33. Qf5 Qf6
34. Qc8+ Qd8 35. Qe6+ Kh8 36. Rc1 Rd1+ 37. Rxd1 Qxd1+ 38. Kh2 Qd7 39. Qc4 Nxc4
0-1

[Event "Tournoi Skype 023B"]
[Site "Skype"]
[Date "????.??.??"]
[Round "1.18"]
[White "Borg, Anthony"]
[Black "Le Bouill, Pierre"]
[Result "1-0"]
[WhiteElo "1390"]
[BlackElo "1165"]
[PlyCount "56"]

1. e4 d6 2. d4 c6 3. c4 Nf6 4. Nc3 g6 5. Nf3 Bg7 6. c5 b6 7. cxd6 exd6 8. Bc4
O-O 9. O-O b5 10. Bd3 d5 11. e5 Nh5 12. Be2 f6 13. Nd2 fxe5 14. Bxh5 gxh5 15.
Qxh5 exd4 16. Nce4 dxe4 17. Nxe4 Rf5 18. Qe2 Nd7 19. Bd2 Ne5 20. Rae1 Bb7 21.
Ng3 Rf7 22. f4 a6 23. fxe5 Rxf1+ 24. Rxf1 Qe7 25. Qh5 Rf8 26. Re1 Qf7 27. Qg4
Qf2+ 28. Kh1 Qxg2+ 1-0

[Event "Tournoi Skype 023B"]
[Site "Skype"]
[Date "????.??.??"]
[Round "1.19"]
[White "Yilmazer, Seher"]
[Black "Vincent, Andre"]
[Result "1-0"]
[WhiteElo "1148"]
[BlackElo "1372"]
[PlyCount "57"]

1. e4 e5 2. Nf3 d6 3. d4 Nf6 4. dxe5 Nxe4 5. Qd5 Nc5 6. Bg5 Be7 7. exd6 Qxd6 8.
Nc3 c6 9. Qxd6 Bxd6 10. Bc4 O-O 11. O-O-O Bf5 12. Rxd6 Nbd7 13. b4 Na6 14. Bxa6
bxa6 15. Nd4 f6 16. Nxf5 Rf7 17. Be3 Ne5 18. f4 Ng4 19. Rxc6 Nxe3 20. Nxe3 Rb8
21. Ncd5 a5 22. bxa5 Rfb7 23. Nc3 Kf7 24. a6 Rd7 25. Rd1 Rxd1+ 26. Nexd1 Re8
27. Rc7+ Re7 28. Rxe7+ Kxe7 29. Nb5 1-0

[Event "Tournoi Skype 023B"]
[Site "Skype"]
[Date "????.??.??"]
[Round "1.20"]
[White "Silva, Givson"]
[Black "Bacha, Mehdi"]
[Result "1/2-1/2"]
[WhiteElo "1365"]
[BlackElo "1142"]
[PlyCount "52"]

1. d4 d5 2. c4 e6 3. Nc3 a6 4. Bf4 c5 5. e3 Nf6 6. Bd3 Nc6 7. Nf3 cxd4 8. exd4
Bb4 9. Qc2 Bxc3+ 10. bxc3 dxc4 11. Bxc4 Qe7 12. O-O Nd5 13. Bg5 Qd6 14. Rae1
O-O 15. Bd3 f5 16. h4 Bd7 17. Ne5 Nce7 18. Nxd7 Qxd7 19. h5 Rac8 20. c4 Nb4 21.
Qb3 Nxd3 22. Qxd3 Nc6 23. Re3 Nxd4 24. Rfe1 Rfe8 25. Re5 b5 26. c5 h6 1/2-1/2

[Event "Tournoi Skype 023B"]
[Site "Skype"]
[Date "????.??.??"]
[Round "1.21"]
[White "Farthouat, Catherine"]
[Black "Harmelle, Dominique"]
[Result "0-1"]
[WhiteElo "1129"]
[BlackElo "1362"]
[PlyCount "66"]

1. c4 d6 2. Nc3 Nf6 3. g3 g6 4. Bg2 Bg7 5. Nf3 Nc6 6. a3 e5 7. d3 a6 8. O-O O-O
9. Qc2 Re8 10. b3 Rb8 11. Bb2 Nd4 12. Nxd4 exd4 13. Ne4 c5 14. Nxf6+ Bxf6 15.
Rfe1 b5 16. e3 bxc4 17. bxc4 Qb6 18. Rab1 Bd7 19. e4 Qc7 20. f4 Bg7 21. Re2 Bg4
22. Rf2 Qd7 23. Rbf1 Bh3 24. f5 Bxg2 25. Kxg2 gxf5 26. exf5 f6 27. Bc1 Qc6+ 28.
Rf3 Rb7 29. Kh3 Rbe7 30. Bd2 Re2 31. Qd1 R8e7 32. Bf4 Qe8 33. Bxd6 Qh5# 0-1

[Event "Tournoi Skype 023B"]
[Site "Skype"]
[Date "????.??.??"]
[Round "1.22"]
[White "Montalvo, Mario"]
[Black "Baker, Abi"]
[Result "1-0"]
[WhiteElo "1360"]
[BlackElo "1110"]
[PlyCount "65"]

1. b3 e5 2. Bb2 d6 3. e3 c5 4. d4 Nc6 5. dxe5 dxe5 6. Qxd8+ Nxd8 7. Bxe5 Bd7 8.
Nf3 Ne7 9. Be2 Ndc6 10. Bb2 Bf5 11. Na3 Nd5 12. O-O Bd6 13. Nb5 Bb8 14. Bc4
Ndb4 15. e4 Nxc2 16. Rac1 Bxe4 17. Bxf7+ Kxf7 18. Ng5+ Kg6 19. Nxe4 N6b4 20. a3
a5 21. axb4 axb4 22. Rxc2 b6 23. f4 Kf5 24. Nbd6+ Bxd6 25. Nxd6+ Ke6 26. Nc4 b5
27. Re2+ Kd5 28. Rd1+ Kc6 29. Rd6+ Kb7 30. Re7+ Kc8 31. Nb6+ Kb8 32. Rdd7 Ra6
33. Rb7# 1-0

[Event "Tournoi Skype 023B"]
[Site "Skype"]
[Date "????.??.??"]
[Round "1.23"]
[White "Scata, Laura"]
[Black "Gerbaux, Regis"]
[Result "0-1"]
[WhiteElo "1106"]
[BlackElo "1357"]
[PlyCount "76"]

1. e4 c5 2. Nf3 Nc6 3. d4 cxd4 4. Nxd4 Nf6 5. Nc3 e5 6. Nf3 Bb4 7. Bg5 h6 8.
Bxf6 Qxf6 9. Qd3 O-O 10. a3 Bc5 11. Be2 d6 12. Na4 Rd8 13. Nxc5 dxc5 14. Qb3 b6
15. O-O Nd4 16. Nxd4 cxd4 17. Rad1 Be6 18. Bc4 Bxc4 19. Qxc4 Rac8 20. Qe2 Rc7
21. Rd2 Rdc8 22. Rfd1 Rc5 23. f3 a5 24. b4 axb4 25. axb4 Rc3 26. Rb1 b5 27. Rb2
Qb6 28. Kf1 Qa7 29. Qxb5 Qa1+ 30. Kf2 Qxb2 31. Qxe5 Qxb4 32. Qd5 R3c4 33. Re2
R4c5 34. Qa2 d3 35. cxd3 Qd4+ 36. Re3 Rc2+ 37. Qxc2 Rxc2+ 38. Kg3 Qxe3 0-1

[Event "Tournoi Skype 023B"]
[Site "Skype"]
[Date "????.??.??"]
[Round "1.24"]
[White "Meaney, Mike"]
[Black "Berbedes, Jorgelina"]
[Result "1-0"]
[WhiteElo "1349"]
[BlackElo "1075"]
[PlyCount "31"]

1. d4 d5 2. e4 c6 3. Nc3 Nd7 4. exd5 cxd5 5. Bf4 a6 6. Nxd5 e5 7. dxe5 Qa5+ 8.
c3 b6 9. e6 Kd8 10. Bc7+ Ke8 11. exf7+ Kxf7 12. Bc4 Ngf6 13. Nf4+ Ke8 14. Qe2+
Be7 15. Qe6 Qc5 16. Qf7# 1-0

[Event "Tournoi Skype 023B"]
[Site "Skype"]
[Date "????.??.??"]
[Round "1.25"]
[White "Mimouni, Driss"]
[Black "Escudero Ocana, Francisco"]
[Result "0-1"]
[WhiteElo "1038"]
[BlackElo "1338"]
[PlyCount "38"]

1. Nf3 c6 2. d4 d5 3. e3 Nf6 4. Nc3 Nbd7 5. Bd3 Nb6 6. e4 e5 7. Nxe5 Bb4 8. Bd2
Bxc3 9. Bxc3 dxe4 10. Be2 O-O 11. Bc4 Nxc4 12. Nxc4 Qd5 13. Qe2 Re8 14. O-O Bg4
15. f3 exf3 16. gxf3 Rxe2 17. b3 Bxf3 18. Rae1 Rg2+ 19. Kh1 Rg6+ 0-1

[Event "Tournoi Skype 023B"]
[Site "Skype"]
[Date "????.??.??"]
[Round "1.26"]
[White "Yanez, Leticia Jorgelina"]
[Black "Tekes, Gamze"]
[Result "1-0"]
[WhiteElo "1328"]
[BlackElo "1034"]
[PlyCount "49"]

1. e4 e5 2. Nf3 Nf6 3. Nc3 Bb4 4. a3 Ba5 5. b4 Bb6 6. Qe2 O-O 7. h3 d6 8. Na4
Nbd7 9. Bb2 c5 10. Qd3 cxb4 11. axb4 Nh5 12. Nxb6 Nxb6 13. Be2 Be6 14. Nxe5 Nf4
15. Qg3 dxe5 16. Bxe5 f6 17. Bxf4 Re8 18. h4 Rc8 19. Rc1 Na4 20. h5 Nb2 21. Bh6
g6 22. hxg6 Kh8 23. gxh7 Rg8 24. hxg8=Q+ Bxg8 25. Qg7# 1-0

[Event "Tournoi Skype 023B"]
[Site "Skype"]
[Date "????.??.??"]
[Round "1.27"]
[White "Barrionuevo, Hilario"]
[Black "De Nobrega, George"]
[Result "0-1"]
[WhiteElo "1000"]
[BlackElo "1323"]
[PlyCount "62"]

1. e4 e5 2. Nf3 d6 3. Bc4 h6 4. O-O Nf6 5. d3 Nc6 6. Nc3 a6 7. Re1 Na5 8. Nd5
Nxc4 9. dxc4 Nxd5 10. exd5 Be7 11. c5 O-O 12. b4 Bf6 13. Bb2 Re8 14. a4 Bg4 15.
h3 Bxf3 16. Qxf3 Qd7 17. Re4 Rab8 18. Rae1 b5 19. axb5 Rxb5 20. R1e3 a5 21. c4
axb4 22. cxb5 c6 23. b6 cxd5 24. Rxb4 Rb8 25. Qxd5 Qd8 26. Rf3 dxc5 27. Qxc5
Be7 28. Qd5 Qxd5 29. Rg4 Rxb6 30. Bc1 Qd1+ 31. Kh2 Qxc1 0-1

[Event "Tournoi Skype 023B"]
[Site "Skype"]
[Date "????.??.??"]
[Round "1.28"]
[White "Vervoort, Jean-Louis"]
[Black "Castellano Ayala, Pedro Jose"]
[Result "1/2-1/2"]
[WhiteElo "1309"]
[BlackElo "1000"]
[PlyCount "86"]

1. d4 d5 2. Nc3 Nf6 3. Bg5 e5 4. e3 Nbd7 5. Nxd5 Be7 6. Bxf6 Bxf6 7. Nxf6+ Qxf6
8. c3 e4 9. f3 Qf5 10. fxe4 Qxe4 11. Qf3 Qc2 12. Qe2 Qe4 13. Qf3 Qc2 14. Qe2
Qe4 15. Qd3 Qh4+ 16. g3 Qg4 17. Be2 Qg5 18. Nf3 Qg4 19. O-O Nf6 20. Ne5 Qg5 21.
Rf2 O-O 22. Raf1 Bh3 23. Rd1 Rad8 24. Bf1 Be6 25. b3 Bd5 26. Bg2 Rfe8 27. Rdf1
Bxg2 28. Kxg2 Rxe5 29. Qe2 Rd7 30. dxe5 Qxe5 31. Rf5 Qxc3 32. g4 Rd2 33. Qxd2
Qxd2+ 34. R1f2 Qxe3 35. g5 Qe4+ 36. Kf1 Qh1+ 37. Ke2 Qe4+ 38. Kf1 Qd3+ 39. Kg2
Qe4+ 40. Kf1 Qd3+ 41. Kg2 Qe4+ 42. Kf1 Qd3+ 43. Kg2 Qe4+ 1/2-1/2

[Event "Tournoi Skype 023B"]
[Site "Skype"]
[Date "????.??.??"]
[Round "1.30"]
[White "Codina, Teresa"]
[Black "Kumar Keshri, Siddharth"]
[Result "0-1"]
[WhiteElo "1287"]
[BlackElo "1000"]
[PlyCount "54"]

1. e4 e5 2. Nf3 Nc6 3. Bb5 a6 4. Ba4 Nf6 5. O-O Be7 6. Re1 b5 7. Bb3 O-O 8. d3
Bb7 9. c3 Na5 10. Bc2 d6 11. b4 Nc6 12. Nbd2 Nb8 13. Nf1 c6 14. Ng3 Qc7 15. Nf5
Re8 16. a4 Bd8 17. Bd2 d5 18. exd5 cxd5 19. Bg5 Nbd7 20. Qd2 e4 21. dxe4 dxe4
22. N3d4 Ng4 23. Bxd8 Qxh2+ 24. Kf1 Qh1+ 25. Ke2 Qxg2 26. Qf4 e3 27. Nxe3 Rxe3+
0-1

[Event "Tournoi Skype 023B"]
[Site "Skype"]
[Date "????.??.??"]
[Round "1.31"]
[White "Lawton, Tony"]
[Black "Sanchez Padilla, Armando Edilber"]
[Result "0-1"]
[WhiteElo "1000"]
[BlackElo "1287"]
[PlyCount "58"]

1. e4 e5 2. Nf3 Nc6 3. Bc4 h6 4. d4 Nf6 5. Nc3 Bb4 6. dxe5 Nxe4 7. Bd2 Nc5 8.
a3 Ba5 9. b4 Bb6 10. bxc5 Bxc5 11. O-O O-O 12. Qe2 Re8 13. Rae1 d6 14. Bb3 dxe5
15. Ne4 Bxa3 16. Rd1 Bf5 17. Ng3 Bg6 18. Bxh6 Nd4 19. Nxd4 exd4 20. Qg4 Qd6 21.
Bf4 Qb6 22. Rxd4 Qxd4 23. Ne2 Rxe2 24. Qxe2 Qxf4 25. g3 Qg5 26. Re1 Bb4 27. h4
Qh5 28. Qxh5 Bxh5 29. Re7 Bxe7 0-1

[Event "Tournoi Skype 023B"]
[Site "Skype"]
[Date "????.??.??"]
[Round "1.32"]
[White "Mantelli, Luca"]
[Black "Marty, Yvette"]
[Result "1-0"]
[WhiteElo "1285"]
[BlackElo "1000"]
[PlyCount "23"]

1. e4 d6 2. d4 c6 3. Nf3 e5 4. h3 c5 5. c3 Be7 6. Be3 Nc6 7. Bb5 cxd4 8. cxd4
exd4 9. Nxd4 Nf6 10. Nxc6 bxc6 11. Bxc6+ Bd7 12. Bxa8 1-0

[Event "Tournoi Skype 023B"]
[Site "Skype"]
[Date "????.??.??"]
[Round "1.33"]
[White "Ozyuksel, Gulcan"]
[Black "Battaglia, Gabriele"]
[Result "0-1"]
[WhiteElo "1000"]
[BlackElo "1283"]
[PlyCount "46"]

1. e4 e5 2. Nf3 d6 3. Bc4 Be7 4. d3 Nf6 5. Nc3 Bg4 6. Qd2 Bxf3 7. gxf3 Nc6 8.
Qe3 Qd7 9. h3 Nd4 10. Kd1 c6 11. f4 Nh5 12. fxe5 dxe5 13. Ne2 h6 14. Ng3 Nf4
15. Nf5 Nxf5 16. exf5 Qxf5 17. Qf3 O-O 18. Bd2 Qf6 19. c3 Nd5 20. Qe4 Qxf2 21.
Bxh6 gxh6 22. Qg4+ Bg5 23. d4 Qd2# 0-1

[Event "Tournoi Skype 023B"]
[Site "Skype"]
[Date "????.??.??"]
[Round "1.34"]
[White "Hargez, Dany"]
[Black "Schnell, Nicolas"]
[Result "1-0"]
[WhiteElo "1282"]
[BlackElo "1000"]
[PlyCount "41"]

1. e4 e5 2. d4 Nc6 3. d5 Nb4 4. Nf3 Bd6 5. a3 c5 6. axb4 cxb4 7. b3 Nf6 8. Bg5
O-O 9. Be2 Qb6 10. Bxf6 Bc5 11. O-O Qxf6 12. Qd2 Qg6 13. Nxe5 Qxe4 14. Nf3 d6
15. Bd3 Qxd5 16. Bxh7+ Kxh7 17. Qxd5 Rd8 18. Qh5+ Kg8 19. Ng5 g6 20. Qh7+ Kf8
21. Qxf7# 1-0

[Event "Tournoi Skype 023B"]
[Site "Skype"]
[Date "????.??.??"]
[Round "1.35"]
[White "Schuh, David"]
[Black "Moumtaz, Abderrahim"]
[Result "0-1"]
[WhiteElo "1000"]
[BlackElo "1280"]
[PlyCount "62"]

1. d4 d5 2. Bf4 c6 3. Nf3 Nf6 4. e3 Bf5 5. g3 Nbd7 6. Bg2 e6 7. O-O Be7 8. Nc3
O-O 9. Qe2 Re8 10. Rfd1 Nf8 11. Rd2 Bd6 12. Bxd6 Qxd6 13. b3 Qb4 14. Rd3 Ng6
15. Ng5 h6 16. Nf3 Qe7 17. a4 a5 18. h3 Bxd3 19. Qxd3 Rad8 20. h4 e5 21. dxe5
Nxe5 22. Qf5 Qe6 23. Qxe6 Rxe6 24. Bh3 Ree8 25. Nxe5 Rxe5 26. Rd1 Ne4 27. Nxe4
Rxe4 28. Rd3 Re5 29. Rd4 Re4 30. b4 axb4 31. Rxb4 Rxb4 0-1

[Event "Tournoi Skype 023B"]
[Site "Skype"]
[Date "????.??.??"]
[Round "1.36"]
[White "Ram, Madhukesh"]
[Black "Singh, Gatak"]
[Result "1-0"]
[WhiteElo "1275"]
[BlackElo "1000"]
[PlyCount "47"]

1. e4 e5 2. Nf3 Nc6 3. d4 Qf6 4. Be3 exd4 5. Nxd4 Nxd4 6. Bxd4 c5 7. Bxf6 gxf6
8. Bc4 Nh6 9. O-O Rg8 10. Re1 d6 11. h3 Bxh3 12. Qf3 Bxg2 13. Qxg2 Rxg2+ 14.
Kxg2 O-O-O 15. Nc3 Re8 16. Nd5 f5 17. exf5 Rd8 18. f6 Ng4 19. Ne7+ Bxe7 20.
fxe7 Re8 21. Bxf7 Kd7 22. Bxe8+ Kxe8 23. Rad1 Nf6 24. Rxd6 1-0

[Event "Tournoi Skype 023B"]
[Site "Skype"]
[Date "????.??.??"]
[Round "1.37"]
[White "Swanepoel, Karel"]
[Black "Khabou, Taha"]
[Result "0-1"]
[WhiteElo "1000"]
[BlackElo "1274"]
[PlyCount "46"]

1. e4 e5 2. Nf3 Nf6 3. Nc3 Nc6 4. Bc4 Nxe4 5. O-O Nxc3 6. dxc3 Be7 7. Re1 d6 8.
Be3 O-O 9. h3 Bf6 10. Qd5 Be6 11. Qb5 Bxc4 12. Qxc4 d5 13. Qg4 e4 14. Ng5 Ne5
15. Qg3 Re8 16. Bf4 h6 17. Nxe4 dxe4 18. Rxe4 Bh4 19. Rxe5 Bxg3 20. Rxe8+ Qxe8
21. Bxg3 c6 22. Rd1 Qe2 23. Kh2 Qxd1 0-1